Visualizzazione normale
Vista MARC
- Galdieri Michele
di Personal Name
Records bibliografici associati: 1
001 - CONTROL NUMBER
- control field: 12786
003 - CONTROL NUMBER IDENTIFIER
- control field: IT-RoPau
005 - DATE AND TIME OF LATEST TRANSACTION
- control field: 20140207173849.0
008 - FIXED-LENGTH DATA ELEMENTS
- fixed length control field: 140207|| aca||aabn | a|a d
040 ## - CATALOGING SOURCE
- Original cataloging agency: IT-RoPau
- Transcribing agency: IT-RoPau
100 ## - HEADING--PERSONAL NAME
- Personal name: Galdieri Michele
- Miscellaneous information: Codice autore musica SPICS: 13370
- Relator term: Autore musica
- Name of part/section of a work: Ma l'amore no
670 ## - SOURCE DATA FOUND
- Source citation: Work cat.: (IT-RoPau)99709: AA.VV. 794, Iva Zanicchi Special